00440nam a2200133 a 450000100100000000500170001000800410002704000250006808200160009310000390010924500760014826000470022430000350027100003372220200930070453.0110907s1892 xxuc 000 0 eng d aDO-SdBNPbspacBNPHU axxxxbA211c1 aAdams, Charles Kendall,d1835-190210aChristopher Columbus :bhis life and his work /cCharles Kendall Adams. aNew York :bDodd, Mead and Company,c1892. axv., 261 p. :bretr. ;c19 cm.